| 000 | 00396nam a2200145 a 4500 | ||
|---|---|---|---|
| 001 | 5209 | ||
| 003 | CDMR | ||
| 005 | 20130725104217.0 | ||
| 008 | 130130s1997||||||||||||||||||||||||||||d | ||
| 040 |
_aCDMR _bcat _cCPC LLEIDA |
||
| 110 |
_92838 _aFundació Dr. Antonio Esteve |
||
| 245 | 0 | _aMedicina y medios de comunicación | |
| 260 |
_aBarcelona _c1997 _bFundación Dr Antonio Esteve |
||
| 942 |
_cMON _2ddc |
||
| 999 |
_c5209 _d5209 |
||